Oftalmología aplicada. (Registro nro. 698)
[ vista simple ]
| 000 -LEADER | |
|---|---|
| fixed length control field | 00972 am a2200229 a 4500 |
| 005 - FECHA ULTIMA MODIFICACION | |
| control field | 20240527122507.0 |
| 008 - CAMPO DE CONTROL (LIBRO) | |
| fixed length control field | 100906s1988||||mx a f |||| 001 0 spa d |
| 020 ## - INTERNATIONAL STANDARD BOOK NUMBER | |
| ISBN | 9683203736 |
| 041 ## - CODIGO DE IDIOMA | |
| Código de idioma del texto/pista de sonido o título separado | spa |
| 092 ## - SIGNATURA TOPOGRAFICA DEWEY LOCAL | |
| número de clasificación | 617.7 |
| libristica | 62 |
| sección | OPS |
| 110 1# - ENTRADA PRINCIPAL-AUTOR CORPORATIVO | |
| Nombre de la institución, jurisdicción como entrada principal | OPS |
| 9 (RLIN) | 63 |
| Información adicional | Organización Panamericana de la Salud. |
| 245 ## - TITULO PROPIAMENTE DICHO | |
| Título | Oftalmología aplicada. |
| Subtítulo y Título paralelo | Manual de oftalmología básica, para el médico no oftalmólogo y el estudiante de medicina / |
| Mención de responsabilidad y remanente de la transcripción de la portada | Organización Panamericana de la Salud. |
| 250 ## - MENCION DE EDICION | |
| Mención de edición | 1a ed. |
| 260 ## - PIE DE IMPRENTA | |
| Lugar de publicación, distribución, etc | México: |
| Nombre de la editorial, distribuidor, etc | OPS/OMS ; Salvat; |
| Fecha de publicación | 1988. |
| 300 ## - DESCRIPCION FISICA | |
| Extension | 166 p. |
| 500 ## - NOTA GENERAL | |
| Nota general | Organización Panamericana de la Salud. (1988). Oftalmología aplicada. Manual de oftalmología básica, para el médico no oftalmólogo y el estudiante de medicina. (1a ed.). Washington : OPS/OMS ; Salvat. |
| 590 ## - NOTAS LOCALES (RLIN) | |
| Nota local | OPS Serie Paltex para ejecutores de programas de salud. Donación Dr Oliva Sept. 2010 |
| 653 ## - TÉRMINO INDIZADO - PALABRAS CLAVES | |
| Palabra clave | Oftalmología |
| 930 ## - NUMERO DE INVENTARIO | |
| Número de inventario | 2144 |
| 930 ## - NUMERO DE INVENTARIO | |
| Número de inventario | 2145 |
| 942 ## - ADDED ENTRY ELEMENTS (KOHA) | |
| Source of classification or shelving scheme | Dewey Decimal Classification |
| Item type | Libros |
| Estado de retiro | Existencia | Estado general | No para prestamo | Ubicación permanente | ubicación actual | Sala de ubicación | Fecha de adquisición | Total Checkouts | Número de clasificación | Código de barras | Date last seen | Date last borrowed | Número de ejemplar | Price effective from | Koha tipo de elemento (item) |
|---|---|---|---|---|---|---|---|---|---|---|---|---|---|---|---|
| Biblioteca Medicina | Biblioteca Medicina | Circulación | 13/05/2011 | 1 | 617.7 62 OPS | 2144 | 06/11/2014 | 21/08/2012 | ej.1 | 13/05/2011 | Libros | ||||
| Biblioteca Medicina | Biblioteca Medicina | Circulación | 13/05/2011 | 1 | 617.7 62 OPS | 2145 | 06/11/2014 | 21/08/2012 | ej.2 | 13/05/2011 | Libros |